000 00662nam a2200217Ia 4500
001 15172
003 GE_BSU
008 181216s||||||||xx |||||||||||||| ||und||
040 _cGE_BSU
080 _a821.353.1-1
100 _aშალამბერიძე, ოთარ.
245 _aშარავანდი
245 _bლექსები
245 _cრედ:გ.შაჰნაზარი;მხატვ:კ.გურული
260 _aთბილისი.
260 _bსაბჭოთა საქართველო
260 _c1974
300 _a131გვ;17სმ.
653 _aლექსები
942 _cBK
999 _c48287
_d48287